000 00818nab a2200241 u 4500
001 08271
003 HDC
007 cr bn ---aaaaa
008 210129c2012 my dr|nes 0 a may d
040 _aHDC
100 _aAzran Fitri Rahim
_eauthor
_98775
245 0 _aPusat Industri Halal Global / oleh
_cAzran Fitri Rahim
260 _aKuala Lumpur :
_bUtusan Melayu (M) Bhd.,
_c2012
336 _atext
_2rdacontent
337 _acomputer
_2rdamedia
338 _aonline resource
_2rdacarrier
650 _aHalal industry
_zMalaysia
_zThailand
_98776
650 _ahalal product
_948
856 _zRequest full-text at [email protected]
942 _2lcc
942 _cNEWS
942 _kNWSC 002340
999 _c5594
_d5594